metallica as animals - Statistics

General Stats
  • This quiz has been taken 4 times
  • The average score is 2 of 16
Answer Stats
Hint Answer % Correct
🦈 kirk kirk
100%
🦝 kirk lars
75%
🦁 james james
0%
🐹 james kirk
0%
weasel james lars
0%
🦏 james robert
0%
🦅 kirk james
0%
🐕 kirk robert
0%
🦅 lars james
0%
🦊 lars kirk
0%
🐒 lars lars
0%
🐅 lars robert
0%
🦁 robert james
0%
🐒 robert kirk
0%
🐕 robert lars
0%
🦑 robert robert
0%
No matching quizzes found
Score Distribution
Percent of People with Each Score
Percentile by Number Answered
Your Score History
You have not taken this quiz